Регионална библиотека "Любен Каравелов" - Русе

Разкази за известни кораби (Запис номер 125563)

MARC детайли
000 -Лидер
Контролно поле с фиксирана дължина 01509nam a2200337 c 4500
003 - Код на организацията, давaща контролен номер
Контролно поле BLK
005 - Дата и час на последна редакция
Контролно поле 20180420231916.0
008 - Елементи от данни с фиксирана дължина
fixed length control field 180409b bul|||||r ||||||| ||bul||
010 ## - Наследен системен номер
LC control number KNG00131235000
040 ## - Източник на каталожния запис
Идентификатор на билиотеката - собственик на записа BLK
041 ## - Код за език
Код за езика на текст/звукозапис или на отделно заглавие Български
Код за езика КДБФ Български
080 ## - УДК
Текстов определител УДК Средства на водния транспорт. Плавателни съдове. Корабостроене
УДК код - определител по УДК 629.12
УДК определител (02.062)
УДК - код + определител 629.12(02.062)
100 1# - Редна дума - Автор
Автор Белкин, Семьон Исакович
Авторска отговорност първи автор
R(LIN) 319512
139 ## - Редно поле
Редна дума Белкин, Семьон Исакович
Авторски знак Белк - Б 35
245 10 - Сведения за заглавието
Заглавие Разкази за известни кораби
Подзаглавни данни Научнопопул. четиво
Редно поле (дума) Семьон Исакович Белкин; прев. от рус. Боряна Кавалджиева.
257 ## - Страна на издаване
Страна на създаване/издаване СССР
260 ## - Област на издателските данни
-- Варна
Име на издателя, разпространителя и проч. Георги Бакалов
Година на издаване 1986
300 ## - Физическа характеристика
Страници 219 с.
Размери/Мащаб 20 см
380 ## - Жанр
Жанр Техника
500 ## - Общи забележки
Забележка Ориг. загл. Рассказы о знаменитых кораблях / С. И. Белкин. - 117 тир.
650 #4 - Допълнително описание по предмет – тема
Основно описание – тема или топоним Корабостроене
9 (RLIN) 159429
650 #4 - Допълнително описание по предмет – тема
Основно описание – тема или топоним Корабоплаване - история
9 (RLIN) 304558
653 ## - Ключова дума – ненормативна
Ключова дума кораби
653 ## - Ключова дума – ненормативна
Ключова дума история
700 1# - Други автори (авторска отговорност)
Лично име Кавалджиева, Боряна
Автороска отговорност (Описва отношението между автора и произведението) прев. от рус.
9 (RLIN) 319513
852 ## - Местоположение
Форматна сигнатура Цб 140865
856 4# - Електронен адрес и достъп
Електронен формат pdf - файл
Път до файла /url/
856 4# - Електронен адрес и достъп
Електронен формат pdf - файл
Път до файла /url/
942 ## - АРТИКУЛИ
Вид на библиотечния материал Книги
Скрит в OPAC Не
944 ## - СЪЗДАВАНЕ И РЕДАКЦИЯ на ЗАПИСА
Създаване/Редакция Създаване
Дата на регистрацията/редакция 12.06.2012
Статус, дата на статуса 12.06.2012 - от С1,Р / 12.06.2012
Служител, извършил регистрацията/редакцията Людмила_Стоянова
944 ## - СЪЗДАВАНЕ И РЕДАКЦИЯ на ЗАПИСА
Създаване/Редакция Редакция
Дата на регистрацията/редакция 12.06.2012
Статус, дата на статуса 12.06.2012 - от С1,Р / 12.06.2012
Служител, извършил регистрацията/редакцията
999 ## - СИСТЕМНИ КОНТРОЛНИ НОМЕРА
Koha biblionumber 125563
Koha biblioitemnumber 125563
Наличности
Код за отписване Код за изгубен артикул Източник на класификационната схема Код за повреда Коз за рестрикции Код за отдаване Артикулен № Име на библиотеката - собственик Име на библиотеката, в която се намира в момента Статус (Текущо местоположение) Дата на вписване в системата Местоположение - отдел Цена в лева Инвентарен номер Систематично азбучна сигнатура Баркод Номер на екземпляра Цена в евро Служебна бележка Служебен тип на артикула
  Не е изгубен Universal Decimal Classification Не е повреден без рестрикции ползва се в читалня 204243 Регионална библиотека "Любен Каравелов" Русе Регионална библиотека "Любен Каравелов" Русе Хранилище 1986-01-01 Хранилище 1.05 446569 Цб 140865 120000446569 1 0.54 Дост: Dp Вид: Д N: стар фонд Дата: 01.01.1986 Книги
Изтеглен Не е изгубен Universal Decimal Classification Не е повреден без рестрикции заемане за дома 204244 Регионална библиотека "Любен Каравелов" Русе Регионална библиотека "Любен Каравелов" Русе Детски отдел 1986-01-01 Детски отдел 1.05 447892 ДН 629/Б 35 447892 2 0.54 Дост: Pk Вид: Ф N: стар фонд Дата: 01.01.1986 Дата инв: 02.10.2015 Бележки инв: Д2015 Книги
Vip Innovations Ltd, Rousse, Bulgaria 2025